000 00843nam a2200277 i 4500
001 000046285
003 DO-SdBNP
005 20260305074000.0
007 ta
008 110303s2022 dr 000 0 spa d
020 _a9789945086065
040 _aDO-SdBNP
_bspa
_cBNPHU
_erda
082 _a730.3
_bG377a
_222
100 1 _aGerón, Candido,
_d1948-
_93577
245 1 0 _aAspectos historiográficos de las artes plásticas dominicanas /
_cCándido Gerón
264 _aSanto Domingo :
_bSerigraf,
_c2022.
300 _a280 paginas. :
_bilustraciones ;
_c32 cm.
336 _2rdacontent
_atexto
_btxt
337 _2rdamedia
_asin mediación
_bn
338 _2rdacarrier
_avolumen
_bnc
590 _ainventariado, 2023 / DG
650 4 _961716
_aEscultura dominicana
650 4 _aPintura dominicana
_91858
910 _aDG
942 _2ddc
_cLBS1
999 _c53530
_d53530